000 00399nam a2200181Ia 4500
008 170705s9999 xx 000 0 und d
020 _a9780439696525
245 _aDriven /
245 _cJoaquin Burns.
260 _aNew York :
260 _bScholastic,
260 _c2004
300 _a40 pages :
300 _billustrations ;
300 _c19cm.
440 _aRead 180.
500 _a270
999 _c336981
_d336981